Manual de Historia del Derecho español.

Guardat en:
Dades bibliogràfiques
Autor principal: Tomás y Valiente, Francisco
Format: Llibre
Idioma:espanyol
Publicat: Madrid, España Tecnos 1997
Edició:Cuarta edición
Matèries:
Etiquetes: Afegir etiqueta
Sense etiquetes, Sigues el primer a etiquetar aquest registre!

MARC

LEADER 00000nam a2200000 a 4500
001 UCQ9841
003 CL-VaPUC
005 20210612001346.0
008 990121e19970000SP |||||||||||||||||spa|d
999 |c 278742  |d 278740 
040 |c Pontificia Universidad Católica de Valparaíso 
082 0 4 |a 340.0946 TOM 1997  |2 21 
100 0 |a Tomás y Valiente, Francisco  |9 424521 
245 1 0 |a Manual de Historia del Derecho español. 
250 |a Cuarta edición 
260 0 3 |a Madrid, España  |b Tecnos  |c 1997 
300 |a 630 páginas. 
583 |a last modification  |c 20170720 04:59:37  |k Rodrigo Vera 
650 0 |a Historia del derecho  |9 255109 
650 0 |a Derecho español  |9 255291 
650 0 |a Derecho mercantil  |9 371888 
650 0 |a Absolutismo  |9 257456 
650 7 |a DERECHO PENAL  |2 CL-VaPUC  |9 11 
650 0 |a Derecho procesal penal  |9 255496 
650 0 |a Derecho civil  |9 255013 
650 7 |a DERECHO LABORAL  |2 CL-VaPUC  |9 15 
651 0 |a España  |9 254926 
942 |c BK  |2 ddc 
945 |d 19990121 00:00:00  |a aarredon 
952 |0 0  |1 0  |2 ddc  |4 0  |6 340_094600000000000_TOM_1997  |7 0  |8 A  |9 317505  |a BIBDER  |b BIBDER  |d 2019-11-20  |i 3489639  |l 1  |o 340.0946 TOM 1997  |p 3489639  |r 2020-03-27  |s 2020-03-16  |t 1  |w 2019-11-20  |y BK  |k DER